| 000 | 00976nam a2200313 a 4500 | ||
|---|---|---|---|
| 001 | 000108456 | ||
| 003 | CHAP | ||
| 005 | 20220329144013.0 | ||
| 008 | 140214s2011 mx a |r| |||||||spa d | ||
| 010 | _a104918 | ||
| 011 | _a105890 | ||
| 020 | _a9786077798491 | ||
| 040 | _cCHAP | ||
| 082 | 0 | 4 |
_a307.764 _bM59 |
| 245 | 0 | 0 |
_aMetrópolis desbordadas : _bpoder, memoria y culturas en el espacio urbano / _ceditado por Alejandro Cerda Garcia ...[et al.]. |
| 260 |
_aMéxico, D.F. _aBerlín : _bUACM _bCONACYT _bFreie Universität Berlin, _c2011. |
||
| 300 |
_a724 p. : _bil., laminas. |
||
| 490 | 1 | _aLa ciudad | |
| 590 |
_aE6096MTM _b05 _c20140214 _lUCH01 _h1346 |
||
| 650 | 1 | 4 |
_aCiudades y pueblos. _923507 |
| 650 | 1 | 4 |
_aCrecimiento de la población. _928873 |
| 650 | 1 | 4 |
_aSociología urbana. _9108248 |
| 650 | 1 | 4 |
_aUrbanismo. _9116824 |
| 700 | 1 |
_aCerda García, Alejandro _eed. _9124633 |
|
| 830 | 3 |
_aLa ciudad _9125437 |
|
| 901 | _aBK | ||
| 942 | _cLIBRO | ||
| 942 | _n0 | ||
| 999 |
_c104918 _d104918 |
||